Colores de bandera por iniciales - Porrazos - Estadísticas

Estadísticas generales
  • Esta prueba ha sido intentada 2.539 veces
  • La puntuación promedio es 16 de 21
Estadísticas de respuestas
País Colores % Correcto
Grecia Azul blanco
99%
Canadá Rojo blanco
97%
Ucrania Azul amarillo
94%
China Rojo amarillo
91%
Japón Rojo blanco
87%
Finlandia Azul blanco
83%
Suiza Rojo blanco
80%
Israel Azul blanco
79%
Albania Rojo negro
79%
Pakistán Verde blanco
74%
Suecia Azul amarillo
73%
Arabia Saudita Verde blanco
70%
Vietnam Rojo amarillo
69%
Georgia Rojo blanco
68%
Singapur Rojo blanco
64%
Nigeria Verde blanco
64%
Indonesia Rojo blanco
59%
Bangladés Rojo verde
56%
Kazajistán Azul/celeste amarillo
55%
Somalia Azul/celeste blanco
55%
Marruecos Rojo verde
55%
No se encontraron pruebas coincidentes
Distribución de puntuación
Porcentaje de gente con cada puntuación
Porcentaje por número respondido
Historial de tus puntuaciones
No has intentado esta prueba.